| 000 | 00655nam a2200241Ia 4500 | ||
|---|---|---|---|
| 999 |
_c54394 _d54394 |
||
| 001 | 21450 | ||
| 003 | GE_BSU | ||
| 005 | 20221111162240.0 | ||
| 008 | 181216s2014||||enk|||||||||||||| ||eng|| | ||
| 020 | _a3878601271x | ||
| 040 | _cGE_BSU | ||
| 041 | _aeng | ||
| 080 | _a2-1 A-12 | ||
| 100 |
_aAbd-Ru-Shin _912901 |
||
| 245 |
_aIn the Light of Truth : _bthe Grail Message / _cAbd-Ru-Shin. |
||
| 264 |
_aStuttgart : _bStiftung Gralsbotschaft Publishing Co, _c2014. |
||
| 300 |
_a1061 p. ; _c22 cm. |
||
| 653 | _aIn the Light of Truth | ||
| 653 | _athe Grail Message | ||
| 653 | _aРелигия | ||
| 653 | _aრელიგია | ||
| 942 |
_cBK _2udc |
||